INTERNAL COMBUSTION ENGINES (Record no. 5368)

MARC details
000 -LEADER
fixed length control field 00415nam a22001817a 4500
005 - DATE AND TIME OF LATEST TRANSACTION
control field 20170920121814.0
008 - FIXED-LENGTH DATA ELEMENTS--GENERAL INFORMATION
fixed length control field 170401b xxu||||| |||| 00| 0 eng d
020 ## - INTERNATIONAL STANDARD BOOK NUMBER
ISBN 978-93-5260-188-2
041 ## - LANGUAGE CODE
Language code of text/sound track or separate title eng
082 ## - DEWEY DECIMAL CLASSIFICATION NUMBER
Classification number 621.43
100 ## - MAIN ENTRY--AUTHOR NAME
Personal name GANESAN,V
245 ## - TITLE STATEMENT
Title INTERNAL COMBUSTION ENGINES
250 ## - EDITION STATEMENT
Edition statement 4th
260 ## - PUBLICATION, DISTRIBUTION, ETC. (IMPRINT)
Name of publisher MCGRAW HILL
Year of publication 2012
300 ## - PHYSICAL DESCRIPTION
Number of Pages 730
650 ## - SUBJECT ADDED ENTRY--TOPICAL TERM
Topical Term ENGINEERING
942 ## - ADDED ENTRY ELEMENTS (KOHA)
Koha item type Books
Holdings
Lost status Damaged status Collection code Home library Current library Shelving location Date acquired Source of acquisition Cost, normal purchase price Full call number Accession Number Koha item type
    CS/IT JRU Library JRU Library SHELF-55-E 30/04/2017 PURCHASE 625.00 621.43 21565 Books
      JRU Library   SHELF-6-D 30/04/2017 PURCHASE 625.00 621.43 21566 Books